| 000 | 00637 a2200169 4500 | ||
|---|---|---|---|
| 999 |
_c7300 _d7300 |
||
| 020 | _a013746777X | ||
| 050 | _aHD30.25 EPP 1989 | ||
| 100 |
_aEppen, G. D. _eauthor |
||
| 245 |
_aQuantitative concepts for management : _bdecision making without algorithms / _cG. D. Eppen, F. J. Gould and C. Schmidt |
||
| 264 |
_aEnglewood Cliffs, N.J. : _bPrentice-Hall, _c1989 |
||
| 300 |
_a752 s. : _b illustrations ; 24 cm |
||
| 500 | _aIncludes bibliographical references and index. | ||
| 650 |
_aManagement _xMathematical models |
||
| 700 |
_aGould, F.J. (Floyd Jerome) _eauthor |
||
| 700 |
_aSchmidt, C. _eauthor |
||
| 942 |
_2lcc _cBK _h30.25 _iEPP _kHD |
||